Barron's how to prepare for the TOEIC bridge test : With audio compact discs

The TOEIC Bridge test is an English proficiency exam designed for programs set up to train beginning and intermediate students of the English language. This brand-new man-ual has been designed specifically for those language learners. It is suitable for use by high-school and college-level students,...

ver descrição completa

Na minha lista:
Detalhes bibliográficos
Autor principal: Lougheed, Lin
Formato: Livro
Idioma:Undetermined
Publicado em: Thành phố Hồ Chí Minh Tổng hợp Thành phố Hồ Chí Minh 2016
Assuntos:
Tags: Adicionar Tag
Sem tags, seja o primeiro a adicionar uma tag!
Thư viện lưu trữ: Trung tâm Học liệu Trường Đại học Cần Thơ
LEADER 01104nam a2200229Ia 4500
001 CTU_227123
008 210402s9999 xx 000 0 und d
020 |c 15000 
082 |a 428.0076 
082 |b L887/CD.1 
100 |a Lougheed, Lin 
245 0 |a Barron's how to prepare for the TOEIC bridge test : 
245 0 |b With audio compact discs 
245 0 |c Lin Lougheed 
260 |a Thành phố Hồ Chí Minh 
260 |b Tổng hợp Thành phố Hồ Chí Minh 
260 |c 2016 
520 |a The TOEIC Bridge test is an English proficiency exam designed for programs set up to train beginning and intermediate students of the English language. This brand-new man-ual has been designed specifically for those language learners. It is suitable for use by high-school and college-level students, for immigrant language-training programs, and for learners in the workplace. 
650 |a Tiếng Anh,English language 
650 |x Kỳ thi,Hướng dẫn học,Examinations,Study guides 
910 |b nthai 
980 |a Trung tâm Học liệu Trường Đại học Cần Thơ